000 00649nam a2200277Ia 4500
005 20260324135126.0
008 008 260324s9999 xx 000 0 eng d
020 _a9780429494529
037 _aEBOOK
040 _aCRL
040 _beng
040 _cCRL
041 _2eng
041 _aeng
084 _qCRL
100 _aNing Lu
_9585265
245 4 _aThe Dynamics Of Foreign-policy Decisionmaking In China
260 _bTaylor and Francis
260 _c2000
365 _a
365 _b230
856 _uhttp://www.taylorfrancis.com/books/9780429494529
942 _cEBOOK
999 _c1800184
_d1800184